000 00688nam a22001817a 4500
003 AUA.1
005 20251119174315.0
008 250702b |||||||| |||| 00| 0 eng d
040 _cJTL
100 _aOtula, Azaria Otieno
_947646
245 _aA holistic strategy to mentor persons with an addiction to alcohol in the Kanyadhiang Seventh-day Adventist Church, Kenya /
_cAzaria Otieno Otula.
260 _cc2022
300 _aviii,167 leaves :
_bIllustrations :
_c30cm.
610 _aKanyadhiang Seventh-day Adventist Church
_zKenya
650 _aMentorship
_vReligious aspects
_xChristianity
650 _aChurch work with alcoholics
942 _2aua
_cDISS
_hDMin
_i.088 2022
999 _c25157
_d25157